[Event "GER-CupT 2122 prel3"]
[Site "Brandenburg"]
[Date "2022.03.26"]
[Round "2.4"]
[White "Stubbe, Wilko"]
[Black "Urban, Hans Rainer"]
[Result "1-0"]
[WhiteElo "2213"]
[BlackElo "2072"]
[PlyCount "57"]
[EventDate "2022.03.26"]
[EventType "team-k.o."]
[EventRounds "2"]
[EventCountry "GER"]
[SourceTitle "EXT 2023"]
[Source "ChessBase"]
[SourceDate "2022.10.05"]
[SourceVersion "1"]
[SourceVersionDate "2022.10.05"]
[SourceQuality "1"]
[WhiteTeam "Greifswald"]
[BlackTeam "Brandenburg"]
[WhiteTeamCountry "GER"]
[BlackTeamCountry "GER"]

1. e4 d6 2. d4 Nf6 3. Bd3 Nc6 4. c3 e5 5. Ne2 d5 6. exd5 Qxd5 7. 0-0 Be7 8. a3 Bg4 9. f3 Bh5 10. c4 Qd7 11. d5 0-0-0 12. Nbc3 Bc5+ 13. Kh1 Nd4 14. Ng3 Bg6 15. b4 Be7 16. Be3 c5 17. Nce4 Bxe4 18. Nxe4 Nxe4 19. fxe4 f6 20. Bxd4 exd4 21. e5 Kb8 22. d6 Bf8 23. bxc5 fxe5 24. Be4 Bxd6 25. Rb1 Bxc5 26. Rxb7+ Qxb7 27. Bxb7 Kxb7 28. Rf7+ Kb6 29. Qb3+ 1-0

[Event "GER CupT 1920 prel2"]
[Site "Liebschwitz"]
[Date "2020.01.11"]
[Round "1.3"]
[White "Bauer, Thomas"]
[Black "Urban, Hans Rainer"]
[Result "1/2-1/2"]
[WhiteElo "2184"]
[BlackElo "2100"]
[PlyCount "98"]
[EventDate "2020.01.11"]
[EventType "team-k.o."]
[EventRounds "2"]
[EventCountry "GER"]
[SourceTitle "EXT 2021"]
[Source "ChessBase"]
[SourceDate "2020.10.23"]
[SourceVersion "1"]
[SourceVersionDate "2020.10.23"]
[SourceQuality "1"]
[WhiteTeam "Regensburg Bavaria"]
[BlackTeam "Brandenburg"]
[WhiteTeamCountry "GER"]
[BlackTeamCountry "GER"]

1. e4 d6 2. d4 Nf6 3. Nc3 g6 4. f4 Bg7 5. Nf3 0-0 6. e5 Ne8 7. Bc4 c6 8. Be3 Na6 9. 0-0 Nac7 10. Qe1 Bf5 11. Bb3 Nd5 12. Nxd5 cxd5 13. Qh4 e6 14. Qg3 Rc8 15. Rfc1 h5 16. Qe1 f6 17. c4 dxc4 18. Rxc4 Rxc4 19. Bxc4 Nc7 20. Rd1 Nd5 21. Bd2 dxe5 22. fxe5 fxe5 23. Nxe5 Bxe5 24. Qxe5 Qf6 25. h3 Qxe5 26. dxe5 Rc8 27. Bb3 Rc5 28. Bg5 Kf7 29. Rd2 b5 30. Bh4 Nb6 31. Bg3 Ke8 32. Rd6 Nc4 33. Ra6 Rc7 34. Kh2 Kf7 35. Bf2 Nxe5 36. Bxa7 Rc6 37. Ra5 Bd3 38. a4 bxa4 39. Bxa4 Ra6 40. Rxa6 Bxa6 41. Bd4 Nd3 42. Bc6 Bc4 43. Be4 Nc1 44. h4 Bb5 45. Kh3 Nb3 46. Be3 Bc4 47. Bf4 Nc5 48. Bc2 Nd3 49. Bxd3 Bxd3 1/2-1/2

[Event "GER-chT Seniors 26th"]
[Site "Templin"]
[Date "2017.10.01"]
[Round "7.1"]
[White "Kornrumpf, Joachim"]
[Black "Urban, Hans Rainer"]
[Result "1/2-1/2"]
[WhiteElo "2082"]
[BlackElo "2088"]
[PlyCount "21"]
[EventDate "2017.09.25"]
[EventType "team-swiss"]
[EventRounds "7"]
[EventCountry "GER"]
[SourceTitle "EXT 2019"]
[Source "ChessBase"]
[SourceDate "2018.10.10"]
[SourceVersion "1"]
[SourceVersionDate "2018.10.10"]
[SourceQuality "1"]
[WhiteTeam "Schleswig Holstein II"]
[BlackTeam "Brandenburg II"]
[WhiteTeamCountry "GER"]
[BlackTeamCountry "GER"]

1. b3 e5 2. Bb2 d6 3. e3 g6 4. c4 Bg7 5. Nf3 Nc6 6. d3 Nh6 7. Nbd2 0-0 8. a3 a5 9. Qc2 Qe7 10. Be2 Bd7 11. Ne4 1/2-1/2

[Event "GER CupT prel4"]
[Site "Wolfenbuettel"]
[Date "2016.01.23"]
[Round "1.4"]
[White "Bente, Bjoern"]
[Black "Urban, Hans Rainer"]
[Result "1-0"]
[WhiteElo "2248"]
[BlackElo "2055"]
[PlyCount "107"]
[EventDate "2016.01.23"]
[EventType "team-k.o."]
[EventRounds "2"]
[EventCountry "GER"]
[SourceTitle "EXT 2017"]
[Source "ChessBase"]
[SourceDate "2016.10.25"]
[SourceVersion "1"]
[SourceVersionDate "2016.10.25"]
[SourceQuality "1"]
[WhiteTeam "Hamburger SK"]
[BlackTeam "Brandenburg Lok"]
[WhiteTeamCountry "GER"]
[BlackTeamCountry "GER"]

1. e4 d6 2. d4 g6 3. Bd3 Bg7 4. c3 Nc6 5. Nf3 a6 6. h3 e5 7. Be3 Nf6 8. dxe5 dxe5 9. Bc5 Nd7 10. Ba3 Nf8 11. 0-0 Ne6 12. Bc4 Qxd1 13. Rxd1 Bf8 14. Bd5 f6 15. Bxf8 Rxf8 16. Nbd2 Ncd8 17. Nf1 Nf4 18. Bb3 Nde6 19. Ne3 Bd7 20. Kh2 Nc5 21. Bc2 Bc6 22. g3 Nfe6 23. Nd5 Bxd5 24. exd5 Ng7 25. b4 Nd7 26. c4 a5 27. a3 Ke7 28. c5 b6 29. c6 Nb8 30. b5 a4 31. Nd2 Ne8 32. Nc4 Nd6 33. Nxd6 Kxd6 34. Rab1 Ra5 35. Rb4 f5 36. Kg2 Re8 37. f3 Rf8 38. Kf2 Re8 39. Ke2 Rf8 40. Bxa4 Re8 41. Ra1 e4 42. f4 g5 43. fxg5 Kxd5 44. Bb3+ Ke5 45. a4 Rd8 46. Rd1 Rxd1 47. Bxd1 Kd6 48. Ke3 Nxc6 49. bxc6 Rc5 50. Rb5 Rc3+ 51. Kf2 f4 52. gxf4 Rxh3 53. Re5 Kxc6 54. Rxe4 1-0

[Event "EU-chT Seniors 15th"]
[Site "Dresden"]
[Date "2013.07.28"]
[Round "9"]
[White "Waterfield, John"]
[Black "Urban, Hans Rainer"]
[Result "1/2-1/2"]
[WhiteElo "1980"]
[BlackElo "2133"]
[PlyCount "47"]
[EventDate "2013.07.20"]
[EventType "team-swiss"]
[EventRounds "9"]
[EventCountry "GER"]
[SourceTitle "CBM 155 Extra"]
[Source "ChessBase"]
[SourceDate "2013.08.26"]
[SourceVersion "1"]
[SourceVersionDate "2013.08.26"]
[SourceQuality "1"]
[WhiteTeam "Wales"]
[BlackTeam "Brandenburg"]
[WhiteTeamCountry "WLS"]
[BlackTeamCountry "GER"]

1. e4 Nc6 2. Nf3 e5 3. Nc3 Nf6 4. d4 exd4 5. Nxd4 Bb4 6. Nxc6 bxc6 7. Bd3 d5 8. exd5 cxd5 9. 0-0 0-0 10. Bg5 c6 11. Na4 h6 12. Bh4 Be7 13. c4 Be6 14. Rc1 Qa5 15. cxd5 Bxd5 16. Re1 Qb4 17. Bxf6 Bxf6 18. b3 Rfe8 19. Re2 Qf4 20. Nc3 Rxe2 21. Bxe2 Bd4 22. Nxd5 Qxf2+ 23. Kh1 cxd5 24. Bf3 1/2-1/2

[Event "EU-chT Seniors 15th"]
[Site "Dresden"]
[Date "2013.07.22"]
[Round "3"]
[White "Urban, Hans Rainer"]
[Black "Dawson, Alastair G"]
[Result "1-0"]
[WhiteElo "2133"]
[BlackElo "1900"]
[PlyCount "87"]
[EventDate "2013.07.20"]
[EventType "team-swiss"]
[EventRounds "9"]
[EventCountry "GER"]
[SourceTitle "CBM 155 Extra"]
[Source "ChessBase"]
[SourceDate "2013.08.26"]
[SourceVersion "1"]
[SourceVersionDate "2013.08.26"]
[SourceQuality "1"]
[WhiteTeam "Brandenburg"]
[BlackTeam "Scotland"]
[WhiteTeamCountry "GER"]
[BlackTeamCountry "SCO"]

1. e4 c5 2. Nc3 g6 3. g3 Bg7 4. Bg2 Nc6 5. d3 Nf6 6. f4 d6 7. Nf3 0-0 8. 0-0 e5 9. h3 a6 10. Be3 exf4 11. gxf4 Nh5 12. Qd2 Qa5 13. Qf2 Bd7 14. Nd2 Qd8 15. Nd5 Be6 16. c4 Nd4 17. Nf3 Nxf3+ 18. Qxf3 Bxd5 19. cxd5 b5 20. Rf2 Rc8 21. Rc1 Qh4 22. Qg4 Qe7 23. f5 Nf6 24. Qh4 Nxd5 25. Qxe7 Nxe7 26. f6 Bh8 27. fxe7 Rfe8 28. Rfc2 Rxe7 29. b4 Rec7 30. bxc5 dxc5 31. Rxc5 Rxc5 32. Rxc5 Rd8 33. Bf1 Rd6 34. Kf2 Bb2 35. Ke2 Ba3 36. Rc8+ Kg7 37. Bf4 Re6 38. h4 Be7 39. Bh3 f5 40. h5 Kf6 41. e5+ Kf7 42. Bg2 g5 43. Bd5 gxf4 44. Rc6 1-0

[Event "Oberliga Nord O 0708"]
[Site "Germany"]
[Date "2008.04.06"]
[Round "8.7"]
[White "Urban, Hans Rainer"]
[Black "Zoll, Detlef"]
[Result "1-0"]
[WhiteElo "2187"]
[BlackElo "2021"]
[PlyCount "116"]
[EventDate "2007.10.21"]
[EventType "team-tourn"]
[EventRounds "9"]
[EventCountry "GER"]
[SourceTitle "EXT 2009"]
[Source "ChessBase"]
[SourceDate "2008.11.26"]
[SourceVersion "1"]
[SourceVersionDate "2008.11.26"]
[SourceQuality "1"]
[WhiteTeam "Cottbus"]
[BlackTeam "Eberswalde"]
[WhiteTeamCountry "GER"]
[BlackTeamCountry "GER"]

1. Nf3 Nf6 2. g3 g6 3. Bg2 Bg7 4. 0-0 0-0 5. c4 d6 6. d4 c6 7. Nc3 Qc7 8. h3 Nbd7 9. e4 e5 10. Be3 h6 11. Rc1 Kh7 12. b4 Re8 13. d5 c5 14. Nb5 Qb6 15. Nd2 a6 16. bxc5 Nxc5 17. Nc3 Qc7 18. Bxc5 Qxc5 19. Na4 Qa7 20. c5 dxc5 21. Nxc5 b6 22. Nd3 Bf8 23. Kh2 b5 24. Rc6 Kg7 25. Qf3 Qe7 26. Rfc1 Bd7 27. Rc7 Rec8 28. Qe3 Rxc7 29. Rxc7 Rc8 30. Rxc8 Bxc8 31. Nf3 Nd7 32. Qc1 Qd8 33. Nfxe5 Nxe5 34. Nxe5 Bd6 35. Nc6 Qc7 36. Qb2+ f6 37. f4 Bd7 38. e5 Bf8 39. exf6+ Kh7 40. Ne5 Bf5 41. g4 Bc2 42. Qd4 Bc5 43. Qd2 Bd6 44. Qe2 Qc3 45. h4 Qd4 46. Kg3 Bd1 47. Qe4 Qc3+ 48. Kh2 Bc2 49. Qf3 Qd4 50. Kg3 g5 51. hxg5 hxg5 52. Kh2 Kg8 53. Kh3 Kh7 54. Nf7 Bxf4 55. Nxg5+ Bxg5 56. f7 Bh6 57. f8Q Bxf8 58. Qxf8 Qe3+ 1-0

[Event "Guben op 11th"]
[Site "Guben"]
[Date "2008.01.07"]
[Round "9"]
[White "Fries Nielsen, Jens Ove"]
[Black "Urban, Hans Rainer"]
[Result "1-0"]
[WhiteElo "2393"]
[BlackElo "2187"]
[PlyCount "73"]
[EventDate "2008.01.02"]
[EventType "swiss"]
[EventRounds "9"]
[EventCountry "GER"]
[SourceTitle "CBM 122 Extra"]
[Source "ChessBase"]
[SourceDate "2008.03.04"]
[SourceVersion "1"]
[SourceVersionDate "2008.03.04"]
[SourceQuality "1"]

1. Nf3 Nf6 2. e3 d5 3. b3 e6 4. Bb2 Nbd7 5. d4 Bb4+ 6. Nbd2 Ne4 7. a3 Bc3 8. Bxc3 Nxc3 9. Qc1 f5 10. Qb2 Ne4 11. c4 c6 12. Be2 0-0 13. 0-0 Qf6 14. Ne1 Qh6 15. Nd3 Ndf6 16. Ne5 f4 17. exf4 Nxd2 18. Qxd2 Ne4 19. Qe3 Qxf4 20. g3 Qxe3 21. fxe3 Rf6 22. c5 Nd2 23. Rfd1 Nxb3 24. Rab1 Na5 25. Rb4 Kf8 26. Rdb1 Ke7 27. Ra4 Nc4 28. Bxc4 dxc4 29. Nxc4 Kd7 30. Nb6+ axb6 31. Rxa8 bxc5 32. dxc5 Rf5 33. Rf1 Rxc5 34. Rf7+ Kd6 35. Rxc8 b5 36. Rxg7 Rc3 37. Ra8 1-0

[Event "Oberliga Nord O 0708"]
[Site "Germany"]
[Date "2007.11.04"]
[Round "2.7"]
[White "Urban, Hans Rainer"]
[Black "Kachibadze, Georg"]
[Result "0-1"]
[WhiteElo "2141"]
[BlackElo "2023"]
[PlyCount "80"]
[EventDate "2007.10.21"]
[EventType "team-tourn"]
[EventRounds "9"]
[EventCountry "GER"]
[SourceTitle "EXT 2009"]
[Source "ChessBase"]
[SourceDate "2008.11.26"]
[SourceVersion "1"]
[SourceVersionDate "2008.11.26"]
[SourceQuality "1"]
[WhiteTeam "Cottbus"]
[BlackTeam "Koenig Tegel II"]
[WhiteTeamCountry "GER"]
[BlackTeamCountry "GER"]

1. e4 c5 2. Na3 g6 3. Nf3 Bg7 4. c3 d6 5. Bb5+ Bd7 6. Qe2 Nc6 7. 0-0 a6 8. Bxc6 Bxc6 9. d4 cxd4 10. Nxd4 Bd7 11. Bg5 Qa5 12. Bh4 Nf6 13. Nc4 Qh5 14. Qxh5 Nxh5 15. Nb6 Rb8 16. f4 Bc6 17. Rae1 Nxf4 18. Rxf4 e5 19. Rf6 exd4 20. cxd4 Bxf6 21. Bxf6 0-0 22. d5 Bb5 23. a4 Bd3 24. e5 dxe5 25. Rxe5 Rbe8 26. d6 Rxe5 27. Bxe5 f6 28. Bg3 Kf7 29. d7 Ke7 30. Bc7 Be4 31. d8Q+ Rxd8 32. Bxd8+ Kxd8 33. Kf2 Kc7 34. Nc4 Kc6 35. Nd2 Kd5 36. Ke3 Bxg2 37. b4 f5 38. h4 h6 39. Kf4 Kd4 40. Nb3+ Kc4 0-1

[Event "Oberliga Nord O 0001"]
[Site "Germany"]
[Date "2001.??.??"]
[Round "?"]
[White "Gaerths, Ronny"]
[Black "Urban, Hans Rainer"]
[Result "1-0"]
[WhiteElo "2280"]
[BlackElo "2180"]
[PlyCount "59"]
[EventDate "2000.10.??"]
[EventType "team-tourn"]
[EventRounds "9"]
[EventCountry "GER"]
[SourceTitle "EXT 2004"]
[Source "ChessBase"]
[SourceDate "2003.11.25"]
[SourceVersion "1"]
[SourceVersionDate "2003.11.25"]
[SourceQuality "1"]

1. d4 Nf6 2. Nf3 e6 3. e3 b6 4. Bd3 Bb7 5. Nbd2 c5 6. c3 Be7 7. e4 cxd4 8. cxd4 Nc6 9. a3 d6 10. b4 0-0 11. Bb2 Rc8 12. Qe2 a5 13. b5 Nb8 14. 0-0 Nbd7 15. Rad1 Re8 16. Ng5 h6 17. Nh3 e5 18. d5 Nc5 19. Bc2 g5 20. Kh1 Qd7 21. f3 Nh5 22. Nc4 Qxb5 23. f4 Nxf4 24. Nxf4 exf4 25. Qh5 Bf8 26. Rxf4 Qd7 27. Nxb6 Qc7 28. Nxc8 Bxc8 29. Rf2 Nd7 30. Qxf7# 1-0

[Event "Oberliga Nord O 0001"]
[Site "Germany"]
[Date "2001.??.??"]
[Round "?"]
[White "Schulz, Joern"]
[Black "Urban, Hans Rainer"]
[Result "1-0"]
[WhiteElo "2200"]
[BlackElo "2180"]
[PlyCount "47"]
[EventDate "2000.10.??"]
[EventType "team-tourn"]
[EventRounds "9"]
[EventCountry "GER"]
[SourceTitle "EXT 2004"]
[Source "ChessBase"]
[SourceDate "2003.11.25"]
[SourceVersion "1"]
[SourceVersionDate "2003.11.25"]
[SourceQuality "1"]

1. d4 d5 2. c4 Nc6 3. Nf3 Bg4 4. cxd5 Bxf3 5. gxf3 Qxd5 6. e3 e5 7. Nc3 Bb4 8. Bd2 Qd7 9. d5 Nce7 10. Bb5 c6 11. dxc6 bxc6 12. Bc4 Rd8 13. Rg1 Nf5 14. a3 Be7 15. Ne4 Nf6 16. Nxf6+ Bxf6 17. Qc2 0-0 18. 0-0-0 Ne7 19. Ba5 Qc8 20. Bxd8 Rxd8 21. Rxd8+ Qxd8 22. Rd1 Qc8 23. Qb3 Nd5 24. Kb1 1-0

[Event "Oberliga Nord O 0001"]
[Site "Germany"]
[Date "2001.??.??"]
[Round "?"]
[White "Urban, Hans Rainer"]
[Black "Barth, Rainer"]
[Result "1/2-1/2"]
[WhiteElo "2180"]
[BlackElo "2285"]
[PlyCount "116"]
[EventDate "2000.10.??"]
[EventType "team-tourn"]
[EventRounds "9"]
[EventCountry "GER"]
[SourceTitle "EXT 2004"]
[Source "ChessBase"]
[SourceDate "2003.11.25"]
[SourceVersion "1"]
[SourceVersionDate "2003.11.25"]
[SourceQuality "1"]

1. e4 Nf6 2. e5 Nd5 3. d4 d6 4. Nf3 g6 5. Bc4 Nb6 6. Bd3 Nc6 7. exd6 cxd6 8. c3 Bg7 9. h3 0-0 10. 0-0 e5 11. Bg5 Qc7 12. Na3 Be6 13. Be3 Nd5 14. dxe5 Nxe3 15. fxe3 Nxe5 16. Nxe5 dxe5 17. Qe2 Rad8 18. Bc4 Bxc4 19. Nxc4 e4 20. Rad1 f5 21. Na3 Qb6 22. b3 Qc5 23. Qc4+ Qxc4 24. bxc4 Bxc3 25. Nb5 Bd2 26. Kf2 f4 27. exf4 Bxf4 28. Ke2 Rxd1 29. Rxd1 Rc8 30. Rd4 a6 31. Na3 Bc1 32. Nc2 Re8 33. Nb4 Ba3 34. Nc2 Bc5 35. Rd5 b6 36. Ne3 Rc8 37. Ng4 Kf7 38. Rd7+ Be7 39. Rd4 b5 40. cxb5 axb5 41. Ne3 Ra8 42. Rxe4 Rxa2+ 43. Kd3 Bc5 44. Nc2 Rb2 45. Rf4+ Ke6 46. Rh4 Rb3+ 47. Kd2 h5 48. g4 hxg4 49. Rxg4 Kf6 50. h4 b4 51. Rf4+ Kg7 52. Rc4 Bd6 53. Ne3 Rb2+ 54. Kd3 Rf2 55. Rc6 Bf4 56. Nd5 b3 57. Rb6 Rd2+ 58. Ke4 Bg3 1/2-1/2

[Event "Oberliga Nord O 9899"]
[Site "Germany"]
[Date "1999.??.??"]
[Round "?"]
[White "Brameyer, Hermann"]
[Black "Urban, Hans Rainer"]
[Result "1-0"]
[WhiteElo "2250"]
[BlackElo "2180"]
[PlyCount "81"]
[EventDate "1998.10.??"]
[EventType "team-tourn"]
[EventRounds "9"]
[EventCountry "GER"]
[SourceTitle "EXT 2000"]
[Source "ChessBase"]
[SourceDate "1999.11.16"]
[SourceVersion "1"]
[SourceVersionDate "1999.11.16"]
[SourceQuality "1"]

1. d4 Nf6 2. Nf3 g6 3. c4 Bg7 4. Nc3 d6 5. Bg5 h6 6. Bh4 g5 7. Bg3 Nh5 8. e3 Nxg3 9. hxg3 Bg4 10. Qc2 Nc6 11. Bd3 Qd7 12. a3 Bxf3 13. gxf3 e6 14. 0-0-0 Ne7 15. f4 0-0-0 16. Ne2 Kb8 17. c5 dxc5 18. Qxc5 Qc6 19. Qxc6 Nxc6 20. g4 Ne7 21. Rh5 gxf4 22. Nxf4 Nd5 23. Ne2 Nf6 24. Rh4 h5 25. g5 Ng4 26. Rf1 f6 27. g6 f5 28. Nf4 e5 29. dxe5 Bxe5 30. Bxf5 Bxf4 31. exf4 Nf6 32. Rg1 Rhg8 33. Rg5 Rg7 34. Bc2 c6 35. Re5 Rd6 36. f5 Ng4 37. Re6 Rxe6 38. fxe6 Nf6 39. Rf4 Nd5 40. Rf8+ Kc7 41. Rf7+ 1-0